Finančné sprostredkovanie a finančné poradenstvo
Gespeichert in:
| 1. Verfasser: | |
|---|---|
| Format: | Buchkapitel |
| Sprache: | Slowakisch |
| Schlagworte: | |
| Tags: |
Keine Tags, Fügen Sie das erste Tag hinzu!
|
MARC
| LEADER | 00000naa$a2200000$$$4500 | ||
|---|---|---|---|
| 001 | 0233580 | ||
| 005 | 20240502073808.7 | ||
| 041 | 0 | |a slo | |
| 044 | |a SK | ||
| 245 | 1 | 0 | |a Finančné sprostredkovanie a finančné poradenstvo |c Andrea Slezáková |
| 610 | 2 | 0 | |a sprostredkovatelia |
| 610 | 2 | 0 | |a poradenstvo finančné |
| 610 | 2 | 0 | |a legislatíva |
| 610 | 2 | 0 | |a poistenie |
| 610 | 2 | 0 | |a investície |
| 100 | 1 | |a Slezáková, Andrea, 1980- | |